In the fiery continent. (Record no. 119148)
[ view plain ]
| 000 -LEADER | |
|---|---|
| fixed length control field | 00665cam a2200229u 4500 |
| 001 - CONTROL NUMBER | |
| control field | 9847412 |
| 003 - CONTROL NUMBER IDENTIFIER | |
| control field | ARRUPE |
| 005 - DATE AND TIME OF LATEST TRANSACTION | |
| control field | 20131210134123.0 |
| 008 - FIXED-LENGTH DATA ELEMENTS--GENERAL INFORMATION | |
| fixed length control field | 821101s1962 enk 000 0 eng |
| 010 ## - LIBRARY OF CONGRESS CONTROL NUMBER | |
| LC control number | 62058263 |
| 040 ## - CATALOGING SOURCE | |
| Original cataloging agency | DLC |
| Transcribing agency | CarP |
| Modifying agency | DLC |
| 043 ## - GEOGRAPHIC AREA CODE | |
| Geographic area code | f------ |
| 050 00 - LIBRARY OF CONGRESS CALL NUMBER | |
| Classification number | SPC PN5123.H6 |
| Item number | A3 1962 |
| 300 ## - PHYSICAL DESCRIPTION | |
| Dimensions | 23 cm. |
| 100 1# - MAIN ENTRY--PERSONAL NAME | |
| Personal name | Hopkinson, Tom, |
| Dates associated with a name | 1905-1990. |
| 9 (RLIN) | 5370 |
| 245 10 - TITLE STATEMENT | |
| Title | In the fiery continent. |
| 260 ## - PUBLICATION, DISTRIBUTION, ETC. (IMPRINT) | |
| Place of publication, distribution, etc | London, |
| Name of publisher, distributor, etc | Gollancz, |
| Date of publication, distribution, etc | 1962. |
| 300 ## - PHYSICAL DESCRIPTION | |
| Extent | 376 p. |
| 630 00 - SUBJECT ADDED ENTRY--UNIFORM TITLE | |
| Uniform title | Drum (Periodical) [from old catalog] |
| 9 (RLIN) | 5371 |
| 651 #0 - SUBJECT ADDED ENTRY--GEOGRAPHIC NAME | |
| Geographic name | Africa |
| General subdivision | Description and travel. |
| 9 (RLIN) | 5372 |
| 906 ## - LOCAL DATA ELEMENT F, LDF (RLIN) | |
| a | 0 |
| b | cbc |
| c | premunv |
| d | u |
| e | ncip |
| f | 19 |
| g | y-gencatlg |
| 942 ## - ADDED ENTRY ELEMENTS (KOHA) | |
| Source of classification or shelving scheme | Library of Congress Classification |
| Koha item type | Monograph ( Printed materials) |
No items available.